1991 1233 1202 1600 1866 1193 1430 1527 1724 1555 1850 1630 1765 1397 1740 1298 1912 1477 1655 1075 1870 1486 1062 1356 1751 1092 1947 1797 1937 1646 1363 1406 1476 1388 1961 1651 1733 1130 1148 1582 1397 1500 1396 1054 1490 1009 1645 1127 1299 1251 1979 1090 1037 1507 1707 1085 1764 1447 1881 1492 1201 1224 1918 1967 1866 1476 1119 1556 1787 1343 1152 1597 1013 1075 1544 1266 1069 1592 1841 1203 1776 1551 1245 1052 1170 1526 1825 1237 1166 1734 1881 1456 1489 1937 1605 1037 1819 1276 1696 BCNSPRNW ULIB Ver.6.0+V

เปลี่ยนเป็นภาษาไทย

Change to English
 แสดงรายละเอียดบรรณานุกรม
  กลับหน้าหลัก

Brief Record : Get Marc (ISO 2709) : E-mail record : QR code < ปิดหน้าต่าง
LEADER : 00000nam 2200000uu 4500
001    13399120376
003     ULIB
008    120919s2551||||th 000 0 tha d
020    ^a9789741391967
060  4 ^aWG340^bส533 2551
245 00 ^aสังเคราะห์ความรู้ความดันโลหิตสูง :^bฉบับรู้ทันผู้ป่วย /^cบรรณาธิการ นิวัต อุณฑพันธุ์ ... [และคนอื่น ๆ]
246 14 ^aสังเคราะห์องค์ความรู้ความดันโลหิตสูง ฉบับ--รู้ทันผู้ป่วย
250    ^aพิมพ์ครั้งที่ 1.
260    ^aนครราชสีมา :^bชมรมพยาบาลชุมชนแห่งประเทศไทย,^c2551.
300    ^a64 หน้า :^bภาพประกอบ
500    ^a"รวมข้อค้นพบจากงานวิจัยเรื่องจริงจากความรู้สึกของผู้ป่วยที่มีต่อระบบบริการสุขภาพ"
650  7 ^aความดันเลือดสูง^xการรักษาด้วยยา
650  7 ^aความดันเลือดสูง^xผู้ป่วย^xโภชนาการ
650  7 ^aความดันเลือดสูง
700 0  ^aนิวัต อุณฑพันธุ์,^eบรรณาธิการ
710 2  ^aสำนักงานกองทุนสนับสนุนการสร้างเสริมสุขภาพ
945    ^p100^l0^i023859
945    ^p100^l0^i023860
999    ^aเกษร
รายการนี้ยังไม่มีแท็ก
คุณยังไม่ได้ล็อกอิน คุณสามารถมีกิจกรรมร่วมกับเว็บไซต์ได้ แต่ต้องล็อกอินก่อน ::
  ล็อกอิน

รายการสื่อสารสนเทศ

ลำดับที่ ประเภท เลขเรียก/บาร์โค้ด สถานที่ สถานะ
1. วิทยาศาสตร์การแพทย์ และสุขภาพ
หนังสือสำรอง
สถานะ=หนังสือสำรอง
WG340 ส533 2551 ฉ.1 
  Barcode: 023859
ห้องสมุดวิทยาเขตสวรรค์ประชารักษ์
►หนังสือทั่วไป
บนชั้น
2. วิทยาศาสตร์การแพทย์ และสุขภาพ
วิทยาศาสตร์การแพทย์ และสุขภาพ
WG340 ส533 2551 ฉ.2 
  Barcode: 023860
ห้องสมุดวิทยาเขตสวรรค์ประชารักษ์
►หนังสือทั่วไป
บนชั้น

รายการใกล้เคียง
    หัวเรื่อง [ความดันเลือดสูง]

BibComment


ยังไม่เคยถูกคอมเมนท์

คอมเมนท์ทรัพยากรรายการนี้
  คอมเมนท์: สังเคราะห์ความรู..


 Copyright 2026. Bcnsprnw @Library